[Event "87o Campeonato Brasileiro Absoluto Final Aberta"]
[Site "Cuiaba MT"]
[Date "2021.10.29"]
[Round "2"]
[Board "53"]
[White "Felicio, Leonardo Demetrio De F."]
[Black "De Souza, Eliel Martins"]
[Result "1/2-1/2"]
[WhiteElo "1896"]
[BlackElo "1709"]
[PlyCount "73"]
[EventDate "2021.10.28"]
[EventRounds "11"]
[EventCountry "BRA"]

1. d4 d5 2. c4 dxc4 3. e3 Nf6 4. Nf3 e6 5. Bxc4 c5 6. O-O Nc6 7. Nc3 a6 8. Re1
b5 9. Be2 c4 10. Bd2 Be7 11. Rc1 O-O 12. Ng5 Nd7 13. Nge4 Bb7 14. d5 Nce5 15.
f4 exd5 16. Nf2 Ng6 17. Bf3 Nf6 18. Ne2 Qc7 19. Qc2 Nh4 20. Nd4 Nxf3+ 21. gxf3
Rae8 22. Nf5 Bc5 23. Bc3 d4 24. Bxd4 Bxd4 25. Nxd4 Nd5 26. Ne4 f5 27. Ng5 Bc8
28. Qd2 Rf6 29. Kf2 b4 30. e4 Rh6 31. h4 Rxh4 32. Rh1 Rxh1 33. Rxh1 h6 34. exd5
hxg5 35. Qxb4 gxf4 36. d6 Qa7 37. Qxc4+  1/2-1/2

[Event "87o Campeonato Brasileiro Absoluto Final Aberta"]
[Site "Cuiaba MT"]
[Date "2021.10.29"]
[Round "2"]
[Board "54"]
[White "Ferreira, Thales Bond Dias"]
[Black "Silva, Lucas Henrique Da"]
[Result "1/2-1/2"]
[WhiteElo "1805"]
[BlackElo "2158"]
[PlyCount "291"]
[EventDate "2021.10.28"]
[EventRounds "11"]
[EventCountry "BRA"]

1. d4 Nf6 2. c4 g6 3. Nc3 d5 4. cxd5 Nxd5 5. e4 Nxc3 6. bxc3 Bg7 7. Be3 O-O 8.
Qd2 c5 9. Nf3 Qa5 10. Rc1 Rd8 11. d5 e6 12. Bg5 f6 13. Be3 exd5 14. exd5 Nc6
15. Bd3 Ne7 16. c4 Qxd2+ 17. Nxd2 b6 18. Nf3 Nf5 19. Bd2 Re8+ 20. Kd1 Bd7 21.
Kc2 g5 22. Bc3 Nd6 23. Nd2 Rab8 24. Rhe1 b5 25. cxb5 Nxb5 26. Bxb5 Bxb5 27. Ne4
Ba4+ 28. Kd2 Red8 29. Nxf6+ Bxf6 30. Bxf6 Rxd5+ 31. Kc3 Kf7 32. Be5 Rbd8 33.
Bg3 Bb5 34. Kb2 Bd3 35. Re5 c4 36. Rxd5 Rxd5 37. Re1 Rb5+ 38. Kc3 Ra5 39. Kb2
h6 40. Re5 Ra6 41. Re1 Kf6 42. h4 Rc6 43. hxg5+ hxg5 44. Kc3 Ra6 45. Kb2 Ra5
46. Rh1 Kf5 47. Re1 Rb5+ 48. Kc3 Ra5 49. Kb2 Rb5+ 50. Kc3 Rd5 51. Re7 Ra5 52.
Kb2 Rb5+ 53. Kc3 Ra5 54. Kb2 Bf1 55. Re8 Bxg2 56. Re7 Bf1 57. Re1 Bd3 58. Re7
Kg4 59. Re5 Ra6 60. Re7 Rc6 61. Kc3 Ra6 62. Kb2 Ra5 63. Re5 Ra4 64. Re7 a6 65.
Re5 Rb4+ 66. Kc3 Ra4 67. Kb2 Rb4+ 68. Kc3 Rb1 69. Ra5 Rc1+ 70. Kd4 Bb1 71. Ra3
a5 72. Bc7 Rc2 73. Bg3 Bxa2 74. Rxa5 Rd2+ 75. Kc3 Rd3+ 76. Kb2 Bb3 77. Rc5 Rd2+
78. Kc3 Rc2+ 79. Kd4 Rc1 80. Bc7 Rg1 81. Bg3 Rd1+ 82. Kc3 Rd3+ 83. Kb2 Rd8 84.
Kc3 Rg8 85. Re5 Kf3 86. Rf5+ Kg2 87. Re5 g4 88. Re4 Kh3 89. Re3 Rg6 90. Bf4+
Kg2 91. Bg3 Rf6 92. Bh4 Rxf2 93. Rg3+ Kh2 94. Rxg4 Rf3+ 95. Kb2 Rd3 96. Bf6 Kh3
97. Rd4 Rf3 98. Rd6 Kg2 99. Rd2+ Kf1 100. Bc3 Rf7 101. Rh2 Ra7 102. Rh1+ Kg2
103. Rg1+ Kh2 104. Ra1 Rb7 105. Be5+ Kg2 106. Kc3 Rh7 107. Bd4 Kf3 108. Rf1+
Ke2 109. Rf2+ Ke1 110. Rg2 Rh3+ 111. Kb2 Rd3 112. Bc3+ Kf1 113. Rh2 Rd7 114.
Rh1+ Kg2 115. Re1 Bd1 116. Kc1 Bf3 117. Kc2 Kf2 118. Re5 Bd1+ 119. Kc1 Be2 120.
Kb2 Rb7+ 121. Kc1 Bd3 122. Kd2 Kf3 123. Ra5 Be4 124. Bd4 Rh7 125. Kc3 Bd3 126.
Re5 Rh1 127. Re3+ Kf4 128. Re7 Rc1+ 129. Kb4 Rb1+ 130. Kc3 Rb3+ 131. Kd2 Be4
132. Rf7+ Bf5 133. Bc3 Ra3 134. Bb4 Rd3+ 135. Ke2 Ke4 136. Re7+ Kd5 137. Rc7
Bg4+ 138. Kf2 Rb3 139. Bd2 Kd4 140. Rg7 Kd3 141. Rxg4 Rb2 142. Ke1 Rb1+ 143.
Kf2 Rb2 144. Ke1 Rxd2 145. Rd4+ Kxd4 146. Kxd2  1/2-1/2

[Event "87o Campeonato Brasileiro Absoluto Final Aberta"]
[Site "Cuiaba MT"]
[Date "2021.10.29"]
[Round "2"]
[Board "55"]
[White "Vicentin, Marcos Tadeu"]
[Black "Campos, Otavio Moraes"]
[Result "1-0"]
[WhiteElo "1961"]
[BlackElo "1619"]
[PlyCount "69"]
[EventDate "2021.10.28"]
[EventRounds "11"]
[EventCountry "BRA"]

1. e4 c5 2. Nc3 Nc6 3. f4 g6 4. Nf3 Bg7 5. Bb5 a6 6. Bxc6 bxc6 7. d3 Nf6 8. O-O
Rb8 9. Qe1 O-O 10. Qh4 d6 11. Rb1 Qb6 12. Kh1 Re8 13. Bd2 a5 14. b3 Bd7 15. Na4
Qa7 16. c4 Rb7 17. h3 Nh5 18. g4 Bf6 19. Qe1 Ng7 20. e5 dxe5 21. fxe5 Bxe5 22.
Qxe5 Ne6 23. Rbe1 f6 24. Qc3 Qb8 25. Kg2 Kf7 26. Rxe6 Bxe6 27. Ng5+ Kg8 28.
Nxe6 Qc8 29. Re1 Rd7 30. Naxc5 Ra7 31. a4 Kf7 32. d4 h5 33. g5 h4 34. Bf4 fxg5
35. Bxg5  1-0

[Event "87o Campeonato Brasileiro Absoluto Final Aberta"]
[Site "Cuiaba MT"]
[Date "2021.10.29"]
[Round "2"]
[Board "56"]
[White "Peixoto, Rudson Marinho"]
[Black "Goetten Wagner, Julia"]
[Result "1-0"]
[WhiteElo "1945"]
[BlackElo "1606"]
[PlyCount "103"]
[EventDate "2021.10.28"]
[EventRounds "11"]
[EventCountry "BRA"]

1. d4 Nf6 2. c4 c5 3. Nf3 g6 4. Nc3 cxd4 5. Nxd4 Nc6 6. Nc2 Bg7 7. e4 d6 8. Be2
Be6 9. O-O Qc8 10. Bg5 Ne5 11. Ne3 O-O 12. Ncd5 Bxd5 13. Nxd5 Nxd5 14. cxd5 Re8
15. Rc1 Qd8 16. Qb3 Nd7 17. Be3 Qa5 18. Bb5 Red8 19. Bxd7 Rxd7 20. Rc4 h5 21.
Rfc1 Qa6 22. a4 Re8 23. g3 Kh7 24. Kg2 Bf6 25. Qc2 b5 26. Rb4 bxa4 27. Rxa4 Qb5
28. Qc6 Rb7 29. Rxa7 Reb8 30. Rxb7 Qxb7 31. Rc2 Bxb2 32. Qxb7 Rxb7 33. f4 Kg7
34. Kf3 Bf6 35. h3 Rb3 36. g4 Bd4 37. Re2 f6 38. Kf2 Rxe3 39. Rxe3 f5 40. exf5
gxf5 41. g5 h4 42. Kf3 Bxe3 43. Kxe3 Kf7 44. Kd4 Kf8 45. Kc4 Ke8 46. Kb5 e5 47.
dxe6 Ke7 48. Kc4 Kxe6 49. Kd4 Ke7 50. Kd5 Kf7 51. Kxd6 Kg7 52. Ke7  1-0

[Event "87o Campeonato Brasileiro Absoluto Final Aberta"]
[Site "Cuiaba MT"]
[Date "2021.10.29"]
[Round "2"]
[Board "57"]
[White "Bocca, Edson Ricardo"]
[Black "De Souza Monteiro, Marcos Paulo"]
[Result "1/2-1/2"]
[WhiteElo "1617"]
[BlackElo "1942"]
[PlyCount "45"]
[EventDate "2021.10.28"]
[EventRounds "11"]
[EventCountry "BRA"]

1. e4 c5 2. Nf3 d6 3. Nc3 Nf6 4. d3 g6 5. Be2 Bg7 6. O-O O-O 7. h3 Nc6 8. Bd2
Bd7 9. Qc1 Re8 10. a3 a6 11. Nd1 b5 12. c3 Qb6 13. Qc2 Rec8 14. Ne3 h6 15. Nh2
Be6 16. Nhg4 Nxg4 17. Bxg4 Bxg4 18. Nxg4 Kh7 19. Be3 h5 20. Nh2 Qb7 21. g4 hxg4
22. Nxg4 Ne5 23. Nxe5  1/2-1/2

[Event "87o Campeonato Brasileiro Absoluto Final Aberta"]
[Site "Cuiaba MT"]
[Date "2021.10.29"]
[Round "2"]
[Board "58"]
[White "Dos Anjos, Avner Augusto"]
[Black "Rosa, Diego Jesus Vieira"]
[Result "1-0"]
[WhiteElo "1923"]
[BlackElo "1558"]
[PlyCount "57"]
[EventDate "2021.10.28"]
[EventRounds "11"]
[EventCountry "BRA"]

1. e4 e5 2. Nc3 Nf6 3. f4 d6 4. Nf3 Nbd7 5. Bc4 Be7 6. O-O c6 7. Bb3 O-O 8. d4
Qc7 9. fxe5 dxe5 10. Kh1 b5 11. dxe5 Nxe5 12. Nxe5 Qxe5 13. Bf4 Qc5 14. e5 Ng4
15. Qe2 Kh8 16. Ne4 Qb6 17. h3 c5 18. Bd5 Nxe5 19. Bxe5 Bb7 20. Qg4 f6 21. Bxb7
Qxb7 22. Bd6 Rae8 23. Nxc5 Qc6 24. Ne6 Rf7 25. Bg3 Bc5 26. Nxc5 Qxc5 27. Rf2
Rfe7 28. Rd2 Re4 29. Qxe4  1-0

[Event "87o Campeonato Brasileiro Absoluto Final Aberta"]
[Site "Cuiaba MT"]
[Date "2021.10.29"]
[Round "2"]
[Board "59"]
[White "Farias, Sergio Luiz Cardoso"]
[Black "Soares, Renan Barbosa Monteiro"]
[Result "0-1"]
[WhiteElo "1543"]
[BlackElo "1886"]
[PlyCount "74"]
[EventDate "2021.10.28"]
[EventRounds "11"]
[EventCountry "BRA"]

1. e4 c5 2. Nf3 d6 3. Nc3 Nf6 4. d4 cxd4 5. Nxd4 a6 6. Bd3 g6 7. O-O Bg7 8. Bd2
O-O 9. Qc1 Nxe4 10. Nxe4 Bxd4 11. Bh6 Bg7 12. Bxg7 Kxg7 13. Qe3 Nc6 14. h4 Bf5
15. h5 Bxe4 16. Bxe4 Rc8 17. Rad1 e6 18. Qg3 d5 19. Rfe1 Qf6 20. Bf3 Nd4 21. c3
Nxf3+ 22. gxf3 Rc4 23. Qe5 Qxe5 24. Rxe5 Kf6 25. Rde1 g5 26. Kh2 Rh4+ 27. Kg3
h6 28. R5e3 Rxh5 29. f4 gxf4+ 30. Kxf4 Rf5+ 31. Kg4 Rg8+ 32. Kh4 Rxf2 33. Kh3
Rxb2 34. Rf1+ Ke7 35. Ref3 Rg7 36. Rf6 Rxa2 37. Rxh6 Ra3  0-1

[Event "87o Campeonato Brasileiro Absoluto Final Aberta"]
[Site "Cuiaba MT"]
[Date "2021.10.29"]
[Round "2"]
[Board "60"]
[White "Sopko, Cassio Roberto"]
[Black "De Avelar, Flavio Henrique"]
[Result "0-1"]
[WhiteElo "1877"]
[BlackElo "1534"]
[PlyCount "65"]
[EventDate "2021.10.28"]
[EventRounds "11"]
[EventCountry "BRA"]

1. d4 Nf6 2. g3 d5 3. Bg2 Bf5 4. Nf3 e6 5. O-O Be7 6. b3 O-O 7. c4 c6 8. Nc3 h6
9. Bb2 Nbd7 10. Rc1 Re8 11. Nd2 Rb8 12. h3 Bf8 13. e4 dxe4 14. Ndxe4 Nxe4 15.
Nxe4 Nf6 16. Qe2 Nxe4 17. Bxe4 Bxh3 18. Rfd1 Qg5 19. Rd3 Bg4 20. Qe1 Bf5 21. f4
Qg6 22. Re3 Bxe4 23. Rxe4 Rbd8 24. Rd1 Bb4 25. Qe3 b6 26. Qf3 Bf8 27. Rde1 h5
28. f5 Qh7 29. fxe6 fxe6 30. R1e2 Qg6 31. Rh4 Bd6 32. Kg2 Rf8 33. Qxh5  0-1

[Event "87o Campeonato Brasileiro Absoluto Final Aberta"]
[Site "Cuiaba MT"]
[Date "2021.10.29"]
[Round "2"]
[Board "61"]
[White "Braga, Marcelo Melem"]
[Black "Fontoura, Alexandre Souza"]
[Result "0-1"]
[WhiteElo "1531"]
[BlackElo "1873"]
[PlyCount "56"]
[EventDate "2021.10.28"]
[EventRounds "11"]
[EventCountry "BRA"]

1. d4 e6 2. c4 f5 3. a3 Nf6 4. Bg5 Be7 5. Nc3 b6 6. Nf3 Bb7 7. e3 h6 8. Bxf6
Bxf6 9. e4 g6 10. g3 O-O 11. Bh3 Bg7 12. Qd2 c5 13. Ne5 Kh7 14. O-O d6 15. Nf3
fxe4 16. Nh4 g5 17. Ng2 Qf6 18. Rad1 d5 19. Rfe1 Nc6 20. cxd5 Nxd4 21. Nxe4
Nf3+ 22. Kh1 Qg6 23. Qe2 Qh5 24. Nd2 Bxd5 25. Qd3+ Kh8 26. Nxf3 Rxf3 27. Re3
Rxe3 28. fxe3 Qxh3  0-1

[Event "87o Campeonato Brasileiro Absoluto Final Aberta"]
[Site "Cuiaba MT"]
[Date "2021.10.29"]
[Round "2"]
[Board "62"]
[White "Deus Filho, Joaquim De"]
[Black "Pironti, Francisco Ferrari"]
[Result "1-0"]
[WhiteElo "1868"]
[BlackElo "1499"]
[PlyCount "51"]
[EventDate "2021.10.28"]
[EventRounds "11"]
[EventCountry "BRA"]

1. b3 d5 2. Bb2 c5 3. e3 e6 4. f4 Nf6 5. Nf3 Nc6 6. Bb5 Qb6 7. Bxc6+ Qxc6 8.
Ne5 Qc7 9. d3 b5 10. a4 b4 11. Nd2 a5 12. Ndf3 Bb7 13. Ng5 h6 14. Ngxf7 Rg8 15.
O-O Be7 16. f5 exf5 17. Rxf5 Bc8 18. Rxf6 Bxf6 19. Qh5 Ke7 20. Nxh6 gxh6 21.
Qf7+ Kd6 22. Qxg8 Bb7 23. Qg3 Ke6 24. Qg4+ Kd6 25. Qf4 Ke6 26. Rf1  1-0

[Event "87o Campeonato Brasileiro Absoluto Final Aberta"]
[Site "Cuiaba MT"]
[Date "2021.10.29"]
[Round "2"]
[Board "63"]
[White "Paniago, Lucio Erloiny Silva"]
[Black "Moyses Sobrinho, Elias"]
[Result "1/2-1/2"]
[WhiteElo "1493"]
[BlackElo "1858"]
[PlyCount "123"]
[EventDate "2021.10.28"]
[EventRounds "11"]
[EventCountry "BRA"]

1. d4 Nf6 2. Nf3 g6 3. g3 Bg7 4. c4 c5 5. Nc3 cxd4 6. Nxd4 Nc6 7. Bg2 O-O 8.
Nxc6 bxc6 9. O-O Rb8 10. e4 Qa5 11. Qc2 Ba6 12. b3 Nxe4 13. Nxe4 Bxa1 14. Bd2
Qe5 15. Bf4 Qg7 16. Bxb8 Rxb8 17. Nc5 Bc8 18. Re1 Bf6 19. Qd1 d6 20. Nd3 c5 21.
Nf4 Bb7 22. Bxb7 Rxb7 23. Qf3 Rb8 24. Nd5 Kf8 25. h4 Be5 26. Qg4 e6 27. Ne3 Qf6
28. f4 Bd4 29. Kg2 h5 30. Qf3 Bxe3 31. Rxe3 Qe7 32. f5 gxf5 33. Qxh5 Qf6 34.
Qf3 Ke7 35. Re1 Qb2+ 36. Re2 Qd4 37. Qxf5 Rg8 38. Qe4 Qxe4+ 39. Rxe4 f5 40. Re3
e5 41. Kf2 Kf6 42. Re1 e4 43. Rg1 Ke5 44. h5 Rh8 45. Rh1 Kf6 46. Ke3 Kg5 47.
Rh4 Rxh5 48. Rxh5+ Kxh5 49. Kf4 Kg6 50. g4 fxg4 51. Kxg4 Kf6 52. Kf4 e3 53.
Kxe3 Ke5 54. Kd3 Kf4 55. Ke2 Ke4 56. Kd2 Kd4 57. Kc2 Ke3 58. Kc3 a5 59. a3 Ke4
60. b4 cxb4+ 61. axb4 axb4+ 62. Kxb4  1/2-1/2

[Event "87o Campeonato Brasileiro Absoluto Final Aberta"]
[Site "Cuiaba MT"]
[Date "2021.10.29"]
[Round "2"]
[Board "64"]
[White "Andrade, Guilherme A. De Souza"]
[Black "Serafim, Paulo Rogerio"]
[Result "1-0"]
[WhiteElo "1852"]
[BlackElo "1441"]
[PlyCount "93"]
[EventDate "2021.10.28"]
[EventRounds "11"]
[EventCountry "BRA"]

1. d4 Nf6 2. c4 e6 3. g3 d5 4. Bg2 b6 5. Nf3 Be7 6. O-O O-O 7. Bg5 Bb7 8. Nbd2
Nbd7 9. Qc2 dxc4 10. Nxc4 Be4 11. Qa4 c5 12. Ncd2 Bb7 13. Rac1 Nd5 14. Bxe7
Qxe7 15. Nb3 Rfc8 16. dxc5 Nxc5 17. Qa3 Nxb3 18. Qxb3 Rc7 19. Nd4 Rac8 20. Rxc7
Qxc7 21. Rd1 a6 22. Qd3 Qc4 23. Qxc4 Rxc4 24. Nf5 Rc7 25. Bxd5 Bxd5 26. Ne3 Rd7
27. Nc4 b5 28. Nb6 Rd6 29. Nxd5 exd5 30. Kg2 f5 31. Kf3 g5 32. Ke3 Kf7 33. Kd4
Ke6 34. Rc1 Kd7 35. Rc5 Ke6 36. Rc7 f4 37. Rxh7 Kf5 38. f3 fxg3 39. hxg3 Re6
40. e3 g4 41. Rf7+ Kg6 42. Rf4 gxf3 43. Rxf3 Re4+ 44. Kxd5 Rc4 45. Rf2 Kg5 46.
a3 Kg4 47. Rf4+  1-0

[Event "87o Campeonato Brasileiro Absoluto Final Aberta"]
[Site "Cuiaba MT"]
[Date "2021.10.29"]
[Round "2"]
[Board "65"]
[White "Freitas, Mauricio Mathioli"]
[Black "Duailibi, Ricardo Miguel"]
[Result "0-1"]
[WhiteElo "1441"]
[BlackElo "1849"]
[PlyCount "122"]
[EventDate "2021.10.28"]
[EventRounds "11"]
[EventCountry "BRA"]

1. Nf3 c5 2. g3 d5 3. Bg2 Nc6 4. c4 d4 5. O-O e5 6. d3 Bd6 7. e3 Bg4 8. Re1 Qd7
9. exd4 Nxd4 10. Nxe5 Bxd1 11. Nxd7+ Kxd7 12. Rxd1 Nc2 13. d4 cxd4 14. Na3 Bxa3
15. Rb1 Bc5 16. Be4 Nf6 17. Bxc2 a5 18. Be3 Kd6 19. Bxd4 Bxd4 20. Rxd4+ Kc5 21.
Rbd1 Rhe8 22. Kf1 Re7 23. Ba4 Ra6 24. a3 Rae6 25. b3 Re1+ 26. Kg2 Rxd1 27. Rxd1
Re2 28. Bb5 Ra2 29. a4 Ng4 30. Rd7 Rxf2+ 31. Kh3 f5 32. Kh4 h6 33. h3 g5+ 34.
Kh5 Nf6+ 35. Kxh6 Nxd7 36. Bxd7 f4 37. gxf4 gxf4 38. Kg5 Kd6 39. Bc8 b6 40. h4
Ke5 41. Bb7 Rf1 42. h5 Rg1+ 43. Kh4 Rg7 44. Bd5 Kf6 45. h6 Rg6 46. h7 Rh6+ 47.
Kg4 Rxh7 48. Kxf4 Rh3 49. Bf3 Ke7 50. Ke4 Kd6 51. Bd1 Kc5 52. Bc2 Rc3 53. Bd1
Rc1 54. Bg4 Re1+ 55. Kd3 Kb4 56. Kd2 Rg1 57. Bd7 Rg3 58. Bb5 Kxb3 59. Ke2 Kc3
60. Kf2 Rg5 61. Ba6 Kb4  0-1

[Event "87o Campeonato Brasileiro Absoluto Final Aberta"]
[Site "Cuiaba MT"]
[Date "2021.10.29"]
[Round "2"]
[Board "66"]
[White "Costa, Ricardo Santos"]
[Black "Pasqualotto, Amos Petronio"]
[Result "1-0"]
[WhiteElo "1834"]
[BlackElo "1436"]
[PlyCount "55"]
[EventDate "2021.10.28"]
[EventRounds "11"]
[EventCountry "BRA"]

1. Nf3 d5 2. d4 Nf6 3. e3 Bg4 4. c4 c6 5. Nc3 e6 6. Bd3 Nbd7 7. cxd5 cxd5 8.
O-O Be7 9. Bd2 O-O 10. Re1 a6 11. Rc1 Rc8 12. h3 Bh5 13. e4 dxe4 14. Nxe4 Rxc1
15. Bxc1 Qb6 16. Nxf6+ Nxf6 17. b3 Rd8 18. g4 Bg6 19. Bxg6 hxg6 20. Be3 Qc7 21.
Qe2 Nd5 22. Rc1 Qb8 23. Ne5 Nxe3 24. Qxe3 Bf6 25. Rc4 Rd5 26. Qc3 Qa7 27. Rc8+
Kh7 28. Nxf7  1-0

[Event "87o Campeonato Brasileiro Absoluto Final Aberta"]
[Site "Cuiaba MT"]
[Date "2021.10.29"]
[Round "2"]
[Board "67"]
[White "De Lima, Lucas Taveira"]
[Black "Ribeiro, Fabiano Pinto"]
[Result "0-1"]
[WhiteElo "1427"]
[BlackElo "1831"]
[PlyCount "96"]
[EventDate "2021.10.28"]
[EventRounds "11"]
[EventCountry "BRA"]

1. e4 c5 2. Nf3 d6 3. d4 cxd4 4. Nxd4 Nf6 5. Nc3 a6 6. f3 e5 7. Nb3 Be6 8. Be3
b5 9. Qd2 Nbd7 10. O-O-O Be7 11. g4 Nb6 12. Bxb6 Qxb6 13. Kb1 O-O 14. h4 Rfd8
15. h5 b4 16. Ne2 d5 17. exd5 Nxd5 18. Qc1 a5 19. h6 g6 20. Nd2 Bg5 21. Nc4
Bxc1 22. Nxb6 Nxb6 23. Rxd8+ Rxd8 24. Kxc1 Nc4 25. Ng3 Ne3 26. Bd3 f6 27. Ne4
Kf7 28. Nc5 Bd5 29. Be4 f5 30. gxf5 gxf5 31. Bxd5+ Rxd5 32. Nd3 Kg6 33. f4 e4
34. Ne5+ Kf6 35. Nc6 Nxc2 36. Nxa5 Nd4 37. Nc4 Ne2+ 38. Kc2 Nxf4 39. Kb3 e3 40.
Kc2 Ng2 41. Nxe3 Nxe3+ 42. Kb3 Rd4 43. Rg1 Ng4 44. a4 bxa3 45. Kxa3 Nxh6 46. b4
Nf7 47. Ka4 f4 48. Kb5 f3  0-1

[Event "87o Campeonato Brasileiro Absoluto Final Aberta"]
[Site "Cuiaba MT"]
[Date "2021.10.29"]
[Round "2"]
[Board "68"]
[White "Aoyama, Edmundo"]
[Black "Do Carmo, Gabriel Carckeno"]
[Result "1-0"]
[WhiteElo "1824"]
[BlackElo "1398"]
[PlyCount "91"]
[EventDate "2021.10.28"]
[EventRounds "11"]
[EventCountry "BRA"]

1. Nf3 d5 2. b3 Bf5 3. Bb2 Nf6 4. d4 e6 5. e3 Bd6 6. Nbd2 Nbd7 7. c4 c6 8. Be2
O-O 9. O-O h6 10. Re1 Qe7 11. Nf1 e5 12. Ng3 Bg6 13. Nh4 Ba3 14. Nxg6 fxg6 15.
Bxa3 Qxa3 16. dxe5 Nxe5 17. Qd4 Qe7 18. Rad1 c5 19. Qc3 dxc4 20. Bxc4+ Nxc4 21.
Qxc4+ Kh7 22. h3 a6 23. Rd2 b5 24. Qc2 Rac8 25. Rc1 Rc7 26. Qd1 Rfc8 27. Rd6
Rc6 28. Rxc6 Rxc6 29. Qd3 Qe6 30. Ne2 Nd5 31. a3 Nb6 32. Nf4 Qf5 33. Qd2 c4 34.
Ne2 Qc5 35. Nd4 Rd6 36. Qa5 Nd5 37. bxc4 Nf4 38. Qb4 Qxb4 39. axb4 Rxd4 40.
exd4 Ne2+ 41. Kf1 Nxc1 42. c5 Nd3 43. c6 Nxb4 44. c7 a5 45. c8=Q a4 46. Qc5  1-0

[Event "87o Campeonato Brasileiro Absoluto Final Aberta"]
[Site "Cuiaba MT"]
[Date "2021.10.29"]
[Round "2"]
[Board "69"]
[White "Pessoa, Marcio De Souza"]
[Black "Pimentel, Lucas Dos Santos"]
[Result "1-0"]
[WhiteElo "1818"]
[BlackElo "1345"]
[PlyCount "81"]
[EventDate "2021.10.28"]
[EventRounds "11"]
[EventCountry "BRA"]

1. e4 c6 2. d4 d5 3. exd5 cxd5 4. c4 Nf6 5. Nc3 Nc6 6. Nf3 Bg4 7. Be3 e6 8. c5
Be7 9. Be2 O-O 10. a3 Qc7 11. b4 b6 12. b5 Na5 13. c6 h6 14. O-O Bd6 15. h3 Bh5
16. Kh1 Rfd8 17. g4 Bg6 18. g5 hxg5 19. Bxg5 Be7 20. Ne5 Bf5 21. Bd3 Bxh3 22.
Rg1 Ne4 23. Nxe4 dxe4 24. Bxe4 Bxg5 25. Rxg5 f6 26. Qh5 Bf5 27. Bxf5 exf5 28.
Rxg7+ Qxg7 29. Rg1 Qxg1+ 30. Kxg1 fxe5 31. Qg6+ Kh8 32. Qf6+ Kg8 33. Qxe5 Re8
34. Qf6 Rf8 35. Qg6+ Kh8 36. Kf1 Rae8 37. d5 f4 38. c7 Re7 39. Qh6+ Kg8 40.
Qxf8+ Kxf8 41. c8=Q+  1-0

[Event "87o Campeonato Brasileiro Absoluto Final Aberta"]
[Site "Cuiaba MT"]
[Date "2021.10.29"]
[Round "2"]
[Board "70"]
[White "Ferreira, Fernando Goncalves"]
[Black "Jenidarchiche, Douglas Rodrigo"]
[Result "0-1"]
[WhiteElo "1357"]
[BlackElo "1815"]
[PlyCount "86"]
[EventDate "2021.10.28"]
[EventRounds "11"]
[EventCountry "BRA"]

1. d4 c5 2. c3 cxd4 3. cxd4 d5 4. Nc3 Nf6 5. Bf4 Nc6 6. Nf3 Qb6 7. a3 Qxb2 8.
Na4 Qb5 9. e3 Qa5+ 10. Nd2 Ne4 11. Ra2 Bd7 12. Bd3 Nxd4 13. exd4 Bxa4 14. Qc1
Nxd2 15. Bxd2 Qb6 16. Be3 e6 17. O-O Bd6 18. Qd2 O-O 19. Rb1 Qc7 20. Rc1 Bc6
21. Qc2 g6 22. Bb5 Bxh2+ 23. Kh1 Bf4 24. Qd2 Bxe3 25. Qxe3 Rfc8 26. Qh6 Qe7 27.
Rac2 Qxa3 28. Rc3 Qf8 29. Qxf8+ Kxf8 30. Kh2 Ke7 31. Kg3 Bd7 32. Rc7 Rxc7 33.
Rxc7 Rd8 34. Rxb7 Kd6 35. Be2 a5 36. Ra7 a4 37. Ra6+ Kc7 38. Bd1 Bb5 39. Ra7+
Kb6 40. Rxf7 a3 41. Rf3 Ra8 42. Rf6 a2 43. Rxe6+ Bc6  0-1

[Event "87o Campeonato Brasileiro Absoluto Final Aberta"]
[Site "Cuiaba MT"]
[Date "2021.10.29"]
[Round "2"]
[Board "71"]
[White "Oliveira, Olavo Tadeu Carvalho"]
[Black "Cruz, Natan Gomes"]
[Result "0-1"]
[WhiteElo "1304"]
[BlackElo "1815"]
[PlyCount "64"]
[EventDate "2021.10.28"]
[EventRounds "11"]
[EventCountry "BRA"]

1. e4 c5 2. Nf3 e6 3. d4 cxd4 4. Nxd4 Nc6 5. Nc3 Bc5 6. Be3 Bb4 7. Qd2 Nf6 8.
f3 d5 9. exd5 Nxd5 10. Nxc6 bxc6 11. Rd1 Qa5 12. Bd4 O-O 13. a3 Be7 14. Ne4 Qc7
15. Bc5 Bxc5 16. Nxc5 Qe5+ 17. Qe2 Qxb2 18. Qd3 Qe5+ 19. Kf2 Nc3 20. Nb3 Nxd1+
21. Qxd1 Qd5 22. Qe1 c5 23. Qc3 Bb7 24. Bc4 Qh5 25. h3 Bd5 26. Be2 Bxb3 27.
cxb3 Qh4+ 28. g3 Qe7 29. Rc1 Rab8 30. Bd1 Rfc8 31. b4 c4 32. Be2 h5  0-1

[Event "87o Campeonato Brasileiro Absoluto Final Aberta"]
[Site "Cuiaba MT"]
[Date "2021.10.29"]
[Round "2"]
[Board "72"]
[White "Ribeiro Carrico, Victor Hugo"]
[Black "Santos, Wenesley Da Luz"]
[Result "1-0"]
[WhiteElo "1791"]
[BlackElo "1286"]
[PlyCount "103"]
[EventDate "2021.10.28"]
[EventRounds "11"]
[EventCountry "BRA"]

1. e4 c5 2. Nf3 d6 3. d4 cxd4 4. Nxd4 Nf6 5. Nc3 e6 6. Be3 a6 7. Be2 Nc6 8. O-O
Nxd4 9. Qxd4 e5 10. Qd2 Be7 11. f4 O-O 12. Kh1 b5 13. Bf3 Bg4 14. fxe5 dxe5 15.
Nd5 Bxf3 16. Nxe7+ Qxe7 17. gxf3 Rfd8 18. Qg2 Nh5 19. Rg1 Kh8 20. Qg4 g6 21.
Bh6 Qd7 22. Bg5 f6 23. Qxh5 fxg5 24. Qxg5 Qe6 25. Rad1 Rf8 26. Kg2 Kg7 27. Rd5
Rae8 28. Rgd1 Rf7 29. a4 bxa4 30. Qd2 Qf6 31. Qd3 Qg5+ 32. Kh1 Qh5 33. Rd7 Ref8
34. c4 Rxd7 35. Qxd7+ Rf7 36. Qg4 Rxf3 37. Rd7+ Rf7 38. Qxh5 gxh5 39. Rd5 Rc7
40. c5 Kf6 41. Rd6+ Ke7 42. Rxa6 Rxc5 43. Rxa4 Rc2 44. b3 h4 45. Kg1 h3 46.
Ra7+ Kd6 47. Rxh7 Rc1+ 48. Kf2 Rc2+ 49. Kg3 Rc3+ 50. Kg4 Rxb3 51. Rxh3 Rb8 52.
Rh6+  1-0

[Event "87o Campeonato Brasileiro Absoluto Final Aberta"]
[Site "Cuiaba MT"]
[Date "2021.10.29"]
[Round "2"]
[Board "73"]
[White "Fonseca, Rogerio Da Silva"]
[Black "Panazzolo, Paulo Victor"]
[Result "0-1"]
[WhiteElo "1220"]
[BlackElo "1790"]
[PlyCount "64"]
[EventDate "2021.10.28"]
[EventRounds "11"]
[EventCountry "BRA"]

1. Nf3 d5 2. e4 dxe4 3. Ng5 e5 4. Nxf7 Kxf7 5. Qh5+ g6 6. Bc4+ Kg7 7. Qxe5+ Nf6
8. O-O Bd6 9. Qc3 Nc6 10. a3 Bf5 11. d3 Ne5 12. Nd2 exd3 13. cxd3 Nxd3 14. Bxd3
Bxd3 15. Qxd3 Bxh2+ 16. Kxh2 Qxd3 17. b4 Rhe8 18. Nf3 Qxf1 19. Bh6+ Kxh6 20.
Rxf1 Re2 21. Nd4 Ra2 22. Ne6 Rxa3 23. f3 Rb3 24. Kg3 g5 25. Nd4 Rxb4 26. Nf5+
Kg6 27. Ne7+ Kf7 28. Nf5 a5 29. Rc1 c6 30. Nd6+ Ke6 31. Nc4 Rxc4 32. Rxc4 a4
 0-1

[Event "87o Campeonato Brasileiro Absoluto Final Aberta"]
[Site "Cuiaba MT"]
[Date "2021.10.29"]
[Round "2"]
[Board "74"]
[White "Da Rosa, Henrique Jaze Simoes"]
[Black "De Oliveira, Tobias Luiz Carvalho"]
[Result "1-0"]
[WhiteElo "1788"]
[BlackElo "1198"]
[PlyCount "93"]
[EventDate "2021.10.28"]
[EventRounds "11"]
[EventCountry "BRA"]

1. Nf3 c5 2. c4 Nc6 3. d4 cxd4 4. Nxd4 Nf6 5. g3 g6 6. Bg2 Nxd4 7. Qxd4 Bg7 8.
O-O O-O 9. Nc3 d6 10. Qd3 Rb8 11. Bd2 a6 12. a4 Qc7 13. Rfc1 Nd7 14. Nd5 Qd8
15. Bc3 Nc5 16. Qc2 e5 17. b4 Nd7 18. c5 dxc5 19. bxc5 Nxc5 20. Bb4 b6 21. Nxb6
Rxb6 22. Bxc5 Re8 23. Bxb6 Qxb6 24. Qc6 Qd8 25. Rd1 Qe7 26. Rac1 Bh6 27. Rb1
Bf5 28. Rb7 Qe6 29. Bd5 Qxc6 30. Bxc6 Re6 31. Bd5 Rf6 32. Bc4 Be4 33. Ra7 Bc2
34. Rdd7 Be4 35. Rxf7 Rxf7 36. Rxf7 Bc2 37. Ra7+ Kf8 38. Rxh7 Bg7 39. a5 g5 40.
Bd3 Bxd3 41. exd3 Kf7 42. h4 Kg6 43. Rxg7+ Kxg7 44. hxg5 Kg6 45. f4 exf4 46.
gxf4 Kf5 47. Kf2  1-0